00993nam a2200265 u 450000100070000000500170000700800410002403500110006503500210007604000130009704100080011008200080011810000540012624500460018026000450022630000180027165000420028965000460033165000460037765100490042365100610047294200090053399900190054295201660056172295420260506091954.0020228s2000 spa  a722954 a(OCoLC)777817639 ccomduadb aspa 4a07010aValencia Cossio, Guillermo Leon4auteaut935121310aBitacora : periodismo politico de opinion aMedellín :b[sin publicador],c[2000]. a230 páginas 7aPeriodismo de opinión2embne910093 aAntioquia - Condiciones economicas940193 7aCrónicas periodísticas2armarc942879 7aColombiaxCondiciones sociales2lemb9854067 7aAntioquia (Colombia)xCondiciones sociales2lemb9869053 cBOOK c228082d228082 001040708SEMIACTIVAaBCbBCd2002-02-28eMaterial adquirido por donacióniC725085l0o070.442 V152p61000003645302r2023-04-24 00:00:00t1w2023-04-24yBOOK